| 000 | 00437nam a22001817a 4500 | ||
|---|---|---|---|
| 003 | MPLRDC | ||
| 005 | 20220104143157.0 | ||
| 008 | 210129b ||||| |||| 00| 0 eng d | ||
| 020 | _a7-5359-0411-4 | ||
| 082 | _a416.7 XCC | ||
| 100 | _a邢灿潮编著 | ||
| 245 |
_a常见眼病防治知识问答 _c |
||
| 250 | _a一版一刷 | ||
| 260 |
_a _b广东科技出版社 _c1989 |
||
| 300 | _b平 | ||
| 650 | _a | ||
| 942 |
_cBK _o416.7 XCC |
||
| 999 |
_c37370 _d37360 |
||